| Registos Bibliográficos associados ao registo de autoridade |
|
Etiqueta de registo: 00254nam 2200025 450 001 2284555 003 http://id.bnportugal.gov.pt/bib/catbnp/2284555 010 ## $a978-989-36286-3-8 021 ## $aPT$b555306/25 100 ## $a20260416d2025 m y0pory01030103ba 101 1# $apor$cpol 102 ## $aPT 105 ## $ay z 000by 106 ## $ar 200 1# $a A nossa turma$fTadeusz Slobodzianek$gtrad. João Ferrão 210 #9 $aLisboa$cArtistas Unidos$cSnob,$d2025 215 ## $a123, [4] p.$d16 cm 225 2# $aLivrinhos do teatro$v192 304 ## $aTít. orig.: Nasza Klasa 675 ## $a821.162.1-2"19/20"$vBN$zpor$31535958 700 #1 $aSøobodzianek,$bTadeusz,$f1955-$31995958 702 #1 $92$aFerrão,$bJoão$4730$31757928 801 #0 $aPT$bBN$gRPC 856 41 $uhttp://rnod.bnportugal.gov.pt/ImagesBN/winlibimg.aspx?skey=&doc=2284555&img=221543&save=true 900 ## $aBIBNAC$d20260504 966 ## $lBN$mFGMON$sL. 123820 P.$x1 966 ## $lBN$mFGMON$sL. 123820 P.-D$x1 971 ## $corlando$d20260416 972 ## $e0$z0$d20260504$vlrevez 973 ## $csteixeira$d20260421
|
|
|